Alle Afrika Cup Sieger - Statistiken

Allgemein
  • Dieses Quiz wurde 34 mal gespielt
  • Das Durchschnittsergebnis liegt bei 33 aus 35
Antwortstatistiken
Jahr Sieger % Korrekt
1957 Ägypten
100%
1959 Ägypten
100%
1986 Ägypten
100%
1998 Ägypten
100%
2006 Ägypten
100%
2008 Ägypten
100%
2010 Ägypten
100%
1990 Algerien
100%
2019 Algerien
100%
1976 Marokko
100%
2026 Marokko
100%
2022 Senegal
100%
1992 Elfenbeinküste
97%
2015 Elfenbeinküste
97%
2024 Elfenbeinküste
97%
1963 Ghana
97%
1965 Ghana
97%
1978 Ghana
97%
1982 Ghana
97%
1984 Kamerun
97%
1988 Kamerun
97%
2000 Kamerun
97%
2002 Kamerun
97%
2017 Kamerun
97%
1980 Nigeria
97%
1994 Nigeria
97%
2013 Nigeria
97%
1996 Südafrika
97%
1974 Zaire
94%
1968 DR Kongo
90%
1972 VR Kongo
90%
2004 Tunesien
87%
1970 Sudan
77%
1962 Äthiopien
74%
2012 Sambia
58%
Keine übereinstimmenden Quizze gefunden
Verteilung der Resultate
Anzahl Personen mit jedem Resultat
Perzentil nach korrekt beantworteten Fragen
Ihre Resultats-Entwicklung
Sie haben dieses Quiz noch nicht gespielt